000 00684nam a2200289Ia 4500
005 20260324130700.0
008 008 260324s9999 xx 000 0 eng d
020 _a9780429143328
037 _aEBOOK
040 _aCRL
040 _beng
040 _cCRL
041 _2eng
041 _aeng
084 _qCRL
100 _aJohn A. Pelesko
_91182697
245 0 _aSelf Assembly
245 4 _bThe Science of Things That Put Themselves Together
260 _bTaylor and Francis
260 _c2007
365 _a
365 _b400
856 _uhttp://www.taylorfrancis.com/books/9780429143328
942 _cEBOOK
999 _c1779079
_d1779079